Любителски пособия за отдих и туризъм (Запис номер 185760)
[ съкратено ]
| 000 -Лидер | |
|---|---|
| Контролно поле с фиксирана дължина | 01265nam a2200313 c 4500 |
| 003 - Код на организацията, давaща контролен номер | |
| Контролно поле | BLK |
| 005 - Дата и час на последна редакция | |
| Контролно поле | 20220323141357.0 |
| 008 - Елементи от данни с фиксирана дължина | |
| fixed length control field | 180411b bul|||||r ||||||| ||bul|| |
| 010 ## - Наследен системен номер | |
| LC control number | KNG00194754000 |
| 040 ## - Източник на каталожния запис | |
| Идентификатор на билиотеката - собственик на записа | BLK |
| 041 ## - Код за език | |
| Код за езика на текст/звукозапис или на отделно заглавие | Български |
| Код за езика КДБФ | Български |
| 080 ## - УДК | |
| Текстов определител УДК | Туризъм. Алпинизъм. Ориентиране. Международен туризъм вж 338.48 и 379.85 |
| УДК код - определител по УДК | 796.5 |
| УДК определител | (02) |
| УДК - код + определител | 796.5(02) |
| 100 1# - Редна дума - Автор | |
| Автор | Колев, Любен Ангелов |
| Авторска отговорност | първи автор |
| R(LIN) | 369677 |
| 139 ## - Редно поле | |
| Редна дума | Колев, Любен Ангелов |
| Авторски знак | Колев - К 78 |
| 245 10 - Сведения за заглавието | |
| Заглавие | Любителски пособия за отдих и туризъм |
| Подзаглавни данни | Ръководство |
| Редно поле (дума) | Любен Ангелов Колев. |
| 257 ## - Страна на издаване | |
| Страна на създаване/издаване | България |
| 260 ## - Област на издателските данни | |
| Място на издаване, разпространение и проч. | София |
| Име на издателя, разпространителя и проч. | Техника |
| Година на издаване | 1981 |
| Печатница | Хасково : Ат. Стратиев |
| 300 ## - Физическа характеристика | |
| Страници | 91 с. |
| Илюстрации и др. | с челт., ил., сх. |
| Размери/Мащаб | 22 см |
| 380 ## - Жанр | |
| Жанр | 793/799 Спорт |
| 490 1# - СЕРИИ (Колекции) | |
| Име на серия | Направи си сам |
| 490 1# - СЕРИИ (Колекции) | |
| Име на серия | За деца и юноши |
| 650 #4 - Допълнително описание по предмет – тема | |
| Основно описание – тема или топоним | Туризъм - автоматизация |
| 9 (RLIN) | 280669 |
| 653 ## - Ключова дума – ненормативна | |
| Ключова дума | туризъм |
| 852 ## - Местоположение | |
| Форматна сигнатура | Цб 111959 |
| 856 4# - Електронен адрес и достъп | |
| Електронен формат | pdf - файл |
| 856 4# - Електронен адрес и достъп | |
| Електронен формат | pdf - файл |
| 999 ## - СИСТЕМНИ КОНТРОЛНИ НОМЕРА | |
| Koha biblionumber | 185760 |
| Koha biblioitemnumber | 185760 |
| 942 ## - АРТИКУЛИ | |
| Вид на библиотечния материал | Книги |
| Скрит в OPAC | Не |
| Периодичен библиозапис | Да |
| 944 ## - СЪЗДАВАНЕ И РЕДАКЦИЯ на ЗАПИСА | |
| Създаване/Редакция | Създаване |
| Дата на регистрацията/редакция | 31.10.2016 |
| Служител, извършил регистрацията/редакцията | Теодора_Стоянова |
| 944 ## - СЪЗДАВАНЕ И РЕДАКЦИЯ на ЗАПИСА | |
| Създаване/Редакция | Редакция |
| Дата на регистрацията/редакция | 31.10.2016 |
| Служител, извършил регистрацията/редакцията | Теодора_Стоянова |
| 999 ## - СИСТЕМНИ КОНТРОЛНИ НОМЕРА | |
| Koha biblioitemnumber | 185760 |
| Код за отписване | Код за изгубен артикул | Източник на класификационната схема | Код за повреда | Коз за рестрикции | Код за отдаване | Артикулен № | Име на библиотеката - собственик | Име на библиотеката, в която се намира в момента | Статус (Текущо местоположение) | Дата на вписване в системата | Местоположение - отдел | Цена в лева | Инвентарен номер | Систематично азбучна сигнатура | Баркод | Номер на екземпляра | Цена в евро | Служебна бележка | Служебен тип на артикула |
|---|---|---|---|---|---|---|---|---|---|---|---|---|---|---|---|---|---|---|---|
| Не е изгубен | Universal Decimal Classification | Не е повреден | без рестрикции | ползва се в читалня | 322430 | Регионална библиотека "Любен Каравелов" Русе | Регионална библиотека "Любен Каравелов" Русе | Хранилище | 1981-01-01 | Хранилище | 0.43 | 339843 | Цб 111959 | 120000339843 | 1 | 0.22 | Вид: Сф Дата: 01.01.1981 | Книги | |
| Изтеглен | Не е изгубен | Universal Decimal Classification | Не е повреден | без рестрикции | заемане за дома | 322431 | Регионална библиотека "Любен Каравелов" Русе | Регионална библиотека "Любен Каравелов" Русе | Заемна - подръчен фонд | 1981-01-01 | Заемна - подръчен фонд | 0.43 | 343106 | П 796.5/К 78 | 343106 | 2 | 0.22 | Вид: Сф Дата: 01.01.1981 | Книги |
| Изтеглен | Не е изгубен | Universal Decimal Classification | Не е повреден | без рестрикции | заемане за дома | 322432 | Регионална библиотека "Любен Каравелов" Русе | Регионална библиотека "Любен Каравелов" Русе | Заемна - подръчен фонд | 1981-01-01 | Заемна - подръчен фонд | 0.43 | 343107 | П 796.5/К 78 | 343107 | 3 | 0.22 | Вид: Сф Дата: 01.01.1981 | Книги |
| Изтеглен | Не е изгубен | Universal Decimal Classification | Не е повреден | без рестрикции | заемане за дома | 322433 | Регионална библиотека "Любен Каравелов" Русе | Регионална библиотека "Любен Каравелов" Русе | Заемна - подръчен фонд | 1981-01-01 | Заемна - подръчен фонд | 0.43 | 343109 | П 796.5/К 78 | 343109 | 4 | 0.22 | Вид: Сф Дата: 01.01.1981 | Книги |
| Изтеглен | Не е изгубен | Universal Decimal Classification | Не е повреден | без рестрикции | заемане за дома | 322434 | Регионална библиотека "Любен Каравелов" Русе | Регионална библиотека "Любен Каравелов" Русе | Заемна - подръчен фонд | 1981-01-01 | Заемна - подръчен фонд | 0.43 | 343110 | П 796.5/К 78 | 343110 | 5 | 0.22 | Вид: Сф Дата: 01.01.1981 Дата инв: 08.02.2018 Бележки инв: П2018 | Книги |